| 000 | 01822nam a2200241Ia 4500 | ||
|---|---|---|---|
| 008 | 260220t1979||||xx |||||||||||||| ||spa|| | ||
| 040 |
_aPY-SlUNAC _bspa _erda |
||
| 041 | _aspa | ||
| 082 |
_a539 _bR118f |
||
| 100 |
_aRobockai, Tibor _eAutor |
||
| 245 | 0 |
_aFísico-química de superficies / _cpor Tibor Robockai [Autor] |
|
| 264 |
_aWashington D. C. : _bOrganización de los Estados Americanos, _c℗1979. |
||
| 300 | _a128 páginas | ||
| 520 | _aEl libro "Físico-química de superficies" de Tibor Robockai, publicado por la Organización de los Estados Americanos en 1979, aborda de manera exhaustiva los principios y fenómenos fundamentales que rigen las interacciones en las superficies de los materiales. A través de un enfoque interdisciplinario, el autor explora conceptos clave como la adsorción, la catálisis, la reactividad química y las propiedades físicas de las superficies. Robockai combina teorías termodinámicas y cinéticas para explicar cómo las características superficiales influyen en el comportamiento de los sólidos y líquidos en diferentes condiciones. Además, el texto incluye aplicaciones prácticas en diversas áreas, como la ingeniería de materiales, la química industrial y la tecnología de superficies. Al integrar teoría y práctica, el libro se convierte en una referencia valiosa para investigadores y estudiantes interesados en la ciencia de superficies, ofreciendo herramientas conceptuales y experimentales para entender y manipular fenómenos que son cruciales en múltiples disciplinas científicas y tecnológicas. | ||
| 653 | _aFísica | ||
| 653 | _aQuímica | ||
| 653 | _aSuperficies | ||
| 942 |
_b2026/02/17 _cBK |
||
| 999 |
_c7803 _d7803 |
||